| 000 -CABECERA |
| Longitud fija campo de control |
00850nam a22002417a 4500 |
| 003 - IDENTIFICADOR DEL NÚMERO DE CONTROL |
| Identificador del número de control |
OSt |
| 005 - FECHA Y HORA DE LA ÚLTIMA TRANSACCIÓN |
| Fecha y hora de la última transacción |
20211122155509.0 |
| 008 - CÓDIGOS DE INFORMACIÓN DE LONGITUD FIJA |
| Códigos de información de longitud fija |
160921s2016 spc|||| |||| 0|1 0 spa|d |
| 017 ## - NÚMERO DE COPYRIGHT O DE DEPÓSITO LEGAL |
| Número de copyright o de depósito legal |
DL B 10400-2016 |
| Agencia que asigna el número |
Biblioteca de Catalunya |
| 020 ## - NÚMERO INTERNACIONAL NORMALIZADO PARA LIBROS |
| Número Internacional Normalizado para Libros (ISBN) |
9788416288816 |
| 040 ## - FUENTE DE LA CATALOGACIÓN |
| Centro transcriptor |
CDMR |
| Lengua de catalogación |
cat |
| 100 1# - PUNTO DE ACCESO PRINCIPAL-NOMBRE DE PERSONA |
| Nombre de persona |
Mosco, Vincent |
| 9 (RLIN) |
996 |
| 245 13 - MENCIÓN DE TÍTULO |
| Título |
La Nube |
| Resto del título |
: big data en un mundo turbulento |
| Mención de responsabilidad, etc. |
Vincent Mosco ; traducción de Alba Dedeu |
| 260 ## - PUBLICACIÓN, DISTRIBUCIÓN, ETC. (PIE DE IMPRENTA) |
| Lugar de publicación, distribución, etc. |
Vilassar de Dalt : |
| Nombre del editor, distribuidor, etc. |
Ediciones de Intervención Cultural-Biblioteca Buridán, |
| Fecha de publicación, distribución, etc. |
DL 2016 |
| 300 ## - DESCRIPCIÓN FÍSICA |
| Extensión |
397 p. ; |
| Dimensiones |
24 cm |
| 500 ## - NOTA GENERAL |
| Nota general |
Tít. orig.: To the cloud |
| 504 ## - NOTA DE BIBLIOGRAFÍA, ETC |
| Nota de bibliografía, etc. |
Bibliografia. Índex |
| 650 #7 - PUNTO DE ACCESO ADICIONAL DE MATERIA - TÉRMINO DE MATERIA |
| Término de materia o nombre geográfico como elemento inicial |
Computació en núvol |
| Fuente del encabezamiento o término |
lemac |
| 650 #0 - PUNTO DE ACCESO ADICIONAL DE MATERIA - TÉRMINO DE MATERIA |
| Término de materia o nombre geográfico como elemento inicial |
Dades massives |
| Fuente del encabezamiento o término |
lemac |
| 9 (RLIN) |
4719 |
| 650 07 - PUNTO DE ACCESO ADICIONAL DE MATERIA - TÉRMINO DE MATERIA |
| Término de materia o nombre geográfico como elemento inicial |
Tecnologia de la informació |
| Subdivisión de materia general |
Aspectes socials |
| Fuente del encabezamiento o término |
lemac |
| 9 (RLIN) |
3508 |
| 700 1# - PUNTO DE ACCESO ADICIONAL - NOMBRE DE PERSONA |
| Nombre de persona |
Dedeu, Alba, |
| Fechas asociadas al nombre |
1984- |
| Término indicativo de función |
trad. |
| 942 ## - ENTRADA DE ELEMENTOS AGREGADOS (KOHA) |
| Koha [por defecto] tipo de item |
Monografies |
| Fuente de clasificaión o esquema |
|